00268nam a2200109Ia 4500008004100000020001800041100002100059245002900080250001000109260002500119300001400144171211s9999 xx 000 0 und d a9781496310248 aAgur, Anne M. R. aGrant's Atlas of Anatomy aXIIII bWolters Kluwerc2017 a817 pages